Assessment of the current employment structure of Chartered Surveyors (Record no. 121702)

MARC details
000 -LEADER
fixed length control field 01505cam a2200217 4500
008 - FIXED-LENGTH DATA ELEMENTS--GENERAL INFORMATION
fixed length control field 231107s2004 r 000 0 eng u
041 ## - LANGUAGE CODE
Language code of text/sound track or separate title eng
110 ## - MAIN ENTRY--CORPORATE NAME
Corporate name or jurisdiction name as entry element Frost and Sullivan
9 (RLIN) 4747
245 ## - TITLE STATEMENT
Title Assessment of the current employment structure of Chartered Surveyors
Remainder of title analysis of the development of the main market segments and the corresponding impact on future employment opportunities for chartered surveyors in the land consultancy group: full report
260 ## - PUBLICATION, DISTRIBUTION, ETC.
Place of publication, distribution, etc. London
Name of publisher, distributor, etc. RICS
Date of publication, distribution, etc. 2004
300 ## - PHYSICAL DESCRIPTION
Extent 70p approx (unnumbered)
Other physical details wirebound
500 ## - GENERAL NOTE
General note Executive summary also separately available RICS 2004/56
520 ## - SUMMARY, ETC.
Summary, etc. An independent report commissioned by RICS Land Consultancy Group from market consultants Frost and Sullivan, which investigates the current and future direction of the markets in which members of the four Faculties of the Land Consultancy group operate. over the short to medium term. Concludes that these market sectors are growing and will continue to grow with the exception of the minerals sector. But there are concerns about the future availability of skilled resources to take up the resulting workload.
650 ## - SUBJECT ADDED ENTRY--TOPICAL TERM
Topical term or geographic name entry element LAND
650 ## - SUBJECT ADDED ENTRY--TOPICAL TERM
Topical term or geographic name entry element ROYAL INSTITUTION OF CHARTERED SURVEYORS
650 ## - SUBJECT ADDED ENTRY--TOPICAL TERM
Topical term or geographic name entry element SURVEYING PROFESSION
690 ## - LOCAL SUBJECT ADDED ENTRY--TOPICAL TERM (OCLC, RLIN)
Topical term or geographic name as entry element ABOUT RICS-RICS STRUCTURE AND GOVERNANCE-RICS FACULTIES AND FORUMS-RICS FACULTIES AND FORUMS STAFF-RICS LAND CONSULTANCY GROUP
690 ## - LOCAL SUBJECT ADDED ENTRY--TOPICAL TERM (OCLC, RLIN)
Topical term or geographic name as entry element RICS
9 (RLIN) 6277
710 ## - ADDED ENTRY--CORPORATE NAME
Corporate name or jurisdiction name as entry element Royal Institution of Chartered Surveyors
9 (RLIN) 4900
942 ## - ADDED ENTRY ELEMENTS (KOHA)
Suppress in OPAC 0
Source of classification or shelving scheme Dewey Decimal Classification
Holdings
Withdrawn status Lost status Source of classification or shelving scheme Damaged status Not for loan Home library Current library Shelving location Date acquired Total Checkouts Full call number Date last seen Price effective from Koha item type
    Dewey Decimal Classification     Archives Archives RICS Boxes 07/11/2023   RICS 2004/57 07/11/2023 07/11/2023 Book